00959nam a2200229 i 450000100060000000300090000600500170001500700030003200800410003510000380007624501790011426000680029330000440036149000180040570000320042370000370045570000410049283000260053385200320055999900170059195201210060875901ES-MaACL20230906172639.0t|040928s1955 sp ||||1| spa d1 aGrimm, Jacob (d1785-1863)96006010aCuentos completos de los Hermanos Grimm / cJakob Ludwig Karl Grimm ; traducción directa del alemán por Francisco Payarols ; revisión y prólogo por Eduardo Valentí. aBarcelona : bLabor, c1955 (fTalls. Gráf. Ibero-Americanos) aXX, 699 p., 8 lám. : bil. ; c22 cm.1 aObras eternas1 aPayarols, Francisco.9897151 aValentí Fiol, Eduardo.91126001 aGrimm, Wilhelm (d1786-1859)91684670 aObras eternas9183511 aES-MaACLjC-11295 bR.38354 c75901d75901 00104070aATENEOMbATENEOMcSPALd2008-01-17eSCl0oC-11295p1079439r2023-02-23 00:00:00w2023-02-23yMONOGRAFIA